000 01314nam a2200421 i 4500
001 5026
003 KOSZ 005
005 20200219151234.0
008 971113s1988 pl a f |000 0 pol
015 _aPB 1988/1190
020 _a8309012225
035 _a991002970569705066
035 _a(PL-WaBN)b10804158-48omnis_nlop
035 _ab10804158
035 _a(OCoLC)749679330
035 _a(PL)b0000001080415
035 _a(EXLNZ-48OMNIS_NETWORK)9910003158805606
040 _aWA N
_cWA N
_dKOSZ 005/HR
080 _a631.6
080 _a631.8
080 _a628.2/.3
100 1 _aKutera, Jan
_d(1925-2014)
_eAutor
245 1 0 _aWykorzystanie ścieków w rolnictwie /
_cJan Kutera.
250 _aWyd. 2.
260 _aWarszawa :
_bPańst. Wydaw. Rolnicze i Leśne,
_c1988.
300 _a508, [4] s. :
_bfot., 1 rys., wykr. ;
_c25 cm.
380 _aKsiążki
388 _a1901-2000
388 _a1945-1989
504 _aBibliogr. przy rozdz. - Spis treści także ang. i ros.
650 7 _aŚcieki
_2DBN
650 7 _aZastosowanie i wykorzystanie
650 7 _aRolnictwo
658 _aRolnictwo i leśnictwo
856 _uhttp://koha.tu.koszalin.pl/cgi-bin/koha/opac-detail.pl?biblionumber=5026
_yKatalog online BPK
942 _2UKD
_cKS
999 _c5026
_d5026